Guess the Tamil Movie from the Plot! - Statistics

General Stats
  • This quiz has been taken 153 times
  • The average score is 4 of 10
Answer Stats
Movie plots Movie names % Correct
An agent creates a special team to take down a dangerous drug mafia and uncovers shocking secrets. vikram
80%
A flawed teacher tries to guide troubled youths, unaware of a hidden menace exploiting them. master
77%
A young man discovers his father was a legendary martial artist and must embrace his heritage to fight injustice. pattas
49%
A cop hunts a gangster, only to find each confrontation challenges his own moral beliefs. vikram vedha
42%
A loving father with a mysterious past must protect his daughter from a ruthless criminal. theri
36%
A young man exposes corruption in the food industry while protecting his loved ones. velaikkaran
36%
A journalist takes on a corrupt media company, risking his life to reveal the truth. kavan
30%
Strangers in the city cross paths in a night full of crime, chaos, and unexpected twists. maanagaram
28%
A loyal man becomes the right-hand of a powerful don, but friendship and family put him in a tough spot. thalapathi
16%
A filmmaker falls in love with a girl from a conservative family, and their romance faces obstacles at every turn. Vinnai thaandi Varuvaayaa
11%
No matching quizzes found
Score Distribution
Percent of People with Each Score
Percentile by Number Answered
Your Score History
You have not taken this quiz